| 000 | 00785nam a22002057a 4500 | ||
|---|---|---|---|
| 999 |
_c167610 _d167610 |
||
| 005 | 20190919150516.0 | ||
| 010 | _aB-730084-143 | ||
| 020 |
_a9788192773926 _c600.00 |
||
| 035 | _aB-730084-143 | ||
| 037 |
_bIndex Inernational _adpl |
||
| 082 | _a363.34 | ||
| 100 | _aDangi, H.K. | ||
| 245 |
_aDisaster management : _bhumanitarian logistics in relief operations / _cby H.K.Dangi |
||
| 260 |
_aDelhi _bIndex International _c2015 |
||
| 270 |
_aB-406, Vardhman CGHS, Mayur Vihar Phase - I Extn _bDelhi _e110091 |
||
| 300 |
_axii,158p. _c22cm(Hb) |
||
| 500 | _aIncludes index | ||
| 942 |
_2ddc _cEN _h363.34 _mDAN |
||